000 00666nam a2200253Ia 4500
003 OSt
005 20221005070107.0
006 a|||||r|||| 00| 0
007 ta
008 221004b |||||||| |||| 00| 0 guj d
024 _a40868
037 _cTextual
040 _aCRL
_cCRL
_bguj
041 _2guj
_aguj
082 _aO156,3N28x, K7
100 _aMakand Mohammad Au.
_9605294
245 0 _aNa
260 _aMumbai
_bR.R. Sethi Company India
_c1967
300 _a224p.
_ccm.
650 _a GUJRATI LITERATURE
650 _aGUJRATI FICTION
942 _hO156,3N28x, K7
_cTEXL
_2cc
999 _c975652
_d975652